01784nam a2200469 i 450000100060000000300080000600500170001400600190003100700150005000800410006502000270010603500230013303500240015603500250018003500210020504000310022605000210025708000070027808200160028510000270030124501340032825000350046226400400049730000410053733600310057833700330060933800430064249000320068550000230071750400290074058801230076959001590089265000220105165000270107365000280110065000280112865500270115679700190118383000330120285600620123599900170129773697FlNmELB20241217143507.0m o d | cr cnu||||||||160506s2012 sp ob 001 0 spa d a9788427716773 (e-book) a(MiAaPQ)EBC4499284 a(Au-PeEL)EBL4499284 a(CaPaEBR)ebr11201534 a(OCoLC)992007096 aFINmELBbspaerdacFINmELB 4aLA912bS182 2012 a370 a370.9462231 aSalvador Alcaide, Ana.10aEvaluación y tratamiento psicopedagógicos :bel departamento de orientacion en los centros escolares /cAna Salvador Alcaide. aTercera edición actualizada. 1aMadrid :bNarcea Ediciones,c[2012] a1 recurso en línea (211 páginas) atextobtxt2rdacontent/spa acomputadorabc2rdamedia/spa arecurso en líneabcr2rdacarrier/spa1 aColección Educación hoy aContiene índice. aContiene bibliografía. aDescripción basada en recurso en línea; Título de la página del título en PDF (e-libro, visto May 06, 2016). aRecurso electronico. Santa Fe, Arg. : e-libro, 2016. Disponible via World Wide Web. El acceso puede ser limitado para las bibliotecas afiliadas a e-libro. 0aEducationzSpain. 4aEducaciónzEspaña. 0aEducational evaluation. 4aEvaluación educativa. 4aLibros electrónicos.2 ae-libro, Corp. 0aColección Educación hoy.40uhttps://elibro.net/ereader/politecnicointernacional/45972 c73697d73697